[Event "Montreal Mercredi 11"]
[Site "Montreal"]
[Date "2007.11.21"]
[Round "1"]
[White "Lemieux, Serge"]
[Black "Bergeron, Rene"]
[Result "1-0"]
[WhiteElo "1536"]
[BlackElo "1521"]
[PlyCount "105"]
[EventDate "2007.11.21"]
[EventType "swiss"]
[EventRounds "5"]
[EventCountry "CAN"]
[SourceTitle "EXT 2022"]
[Source "ChessBase"]
[SourceDate "2021.10.06"]
[SourceVersion "1"]
[SourceVersionDate "2021.10.06"]
[SourceQuality "1"]

1. d4 d5 2. c4 dxc4 3. Nc3 e6 4. e4 Nf6 5. Bg5 Be7 6. Bxc4 0-0 7. Nf3 a6 8. Qc2 b5 9. Bd3 h6 10. Bh4 Bb7 11. a3 Nc6 12. Ne2 Nh5 13. Bg3 Nxg3 14. hxg3 Na5 15. b4 Nc6 16. 0-0 Rc8 17. Rfd1 Qe8 18. Rac1 Bg5 19. Nf4 e5 20. dxe5 Nxe5 21. Nxg5 hxg5 22. Nd5 Bxd5 23. exd5 Nxd3 24. Qxd3 Qe5 25. Rc6 Ra8 26. Rdc1 Rfd8 27. Rxc7 Qxd5 28. Qxd5 Rxd5 29. Kf1 Rd3 30. R7c3 Rad8 31. Ke2 Rd2+ 32. Ke3 Kf8 33. R1c2 R2d6 34. f3 Ke7 35. Rc7+ Kf6 36. R2c6 Ke6 37. Rxd6+ Rxd6 38. Rc5 f5 39. g4 g6 40. gxf5+ gxf5 41. g4 fxg4 42. fxg4 Kf6 43. Ke4 Re6+ 44. Kf3 Re5 45. Rc6+ Re6 46. Rxe6+ Kxe6 47. Ke4 Kf6 48. Kd5 Kg6 49. Ke6 Kg7 50. Kf5 Kh6 51. Kf6 Kh7 52. Kxg5 Kg7 53. Kf5 1-0